000 00393nam a2200169Ia 4500
005 20240930023140.0
008 240331s9999 xx 000 0 und d
020 _a9556101322
082 _bDIA
_a808
100 _aDias, R
245 4 _aThe orphan
260 _aPadukka
_bState printing corporation
_c1999
300 _aiii, 65 p .,
650 _aculture
650 _aEducation
942 _cL
999 _c4420
_d4420